Reply to Mr. R.W. Seton Watson's book "Slovakia then and now"

Bibliographic Details
Main Author: Jehlička, František, 1879-1939 (Author)
Format: Book
Language:English
PhysicalDescription:39 strán 22 cm
Published: Vienna [vydavateľ nie je známy] 1932
Subjects:

MARC

LEADER 00000cam a2200000 a 4500
001 vtls008949639
003 SK-MaSNL
005 20260426002211.0
008 210223s1932 au fr 000 0 eng
015 |a SNBA1932/08 
020 |q (brožované) 
035 |a urn:nbn:sk:snk-am00el1m 
035 |a urn:nbn:sk:snk-am3iiwg 
035 |a DC6D5A58-AB3E-440E-A797-656B58A16634 
040 |a SNK  |b slo  |c SNK  |e AACR2 
041 0 |a eng 
043 |a e-xo--- 
044 |a au  |c AT 
080 |a 330.34  |2 2011 
080 |a (437.6)  |2 2011 
080 |a (048.8)  |2 2011 
100 1 |a Jehlička, František,  |d 1879-1939  |4 aut  |9 132450 
245 1 0 |a Reply to Mr. R.W. Seton Watson's book "Slovakia then and now"  |c by Francis Jehlicka 
260 |a Vienna  |b [vydavateľ nie je známy]  |c 1932 
300 |a 39 strán  |c 22 cm 
500 |a Poznámky pod čiarou 
600 1 7 |a Seton-Watson, Robert William,  |d 1879-1951  |2 SNKMA  |9 190897 
650 0 7 |a ekonomický rozvoj  |2 SNKPH  |9 49952 
650 0 7 |a kultúrny rozvoj  |2 SNKPH  |9 373456 
651 7 |a Slovensko  |2 SNKPHgeo  |9 14231 
655 7 |a štúdie  |2 SNKPH  |9 57033 
655 7 |a monografie  |2 SNKPH  |9 70139 
852 |a Slovenská národná knižnica 
954 |a odborná, vedecká literatúra pôvodná (slovenská)  |2 lita 
958 |a RK 
958 |a TL 
958 |a ONDV 
999 |c 912613  |d 914543 
952 |a SNK  |b SNK  |y PREZ  |7 0  |p 17A0540995  |o snkSC 1323/11  |i snk467/37  |3 rekatalogizácia  |0 0  |1 0  |4 0  |d 2007-02-27  |f 1  |l 0  |r 2025-06-11 00:00:00  |w 2026-02-24